Statistics for All Countries By Longest Land Border

Click here to take the quiz!

General Stats

  • This quiz has been taken 501 times
  • The average score is 120 of 157

Answer Stats

CountryLongest Land Border With...(km)Country% Correct
Afghanistan2.430Pakistan
99%
Andorra63,7Spain
96%
Argentina5.300Chile
95%
Albania282Greece
95%
Belgium620France
94%
Bangladesh4.053India
94%
Austria784Germany
93%
Algeria1.559Morocco
93%
Belarus959Russia
93%
Azerbaijan787Armenia
92%
Armenia787Azerbaijan
92%
Bolivia3.400Brazil
92%
Bosnia and Herzegovina932Croatia
91%
Bhutan605India
91%
Botswana1.840South Africa
91%
Brazil3.400Bolivia
90%
Angola2.511Democratic Republic of the Congo
90%
Brunei381Malaysia
90%
China4.677Mongolia
90%
Bulgaria608Romania
90%
Canada8.893United States of America
90%
Chile5.300Argentina
89%
Denmark68Germany
89%
Belize266Guatemala
89%
East Timor228Indonesia
89%
Cambodia1.228Vietnam
89%
Croatia932Bosnia and Herzegovina
88%
Czech Republic815Germany
88%
Dominican Republic360Haiti
88%
Estonia339Latvia
88%
Costa Rica330Panama
88%
Ecuador1.420Peru
88%
Finland1.340Russia
88%
Egypt1.273Sudan
88%
Colombia2.050Venezuela
88%
Djibouti343Ethiopia
87%
El Salvador342Honduras
87%
Republic of the Congo2.410Democratic Republic of the Congo
86%
Haiti360Dominican Republic
86%
Eritrea912Ethiopia
86%
Ireland499United Kingdom
86%
Iraq1.458Iran
85%
Iran1.458Iraq
85%
Benin773Nigeria
85%
Georgia723Russia
85%
India4.053Bangladesh
84%
Central African Republic1.577Democratic Republic of the Congo
84%
Indonesia1.782Malaysia
84%
Burkina Faso1.000Mali
84%
Guatemala962Mexico
84%
Guyana1.119Brazil
83%
France*673Brazil
83%
Monaco4,4France
83%
Honduras922Nicaragua
83%
Kazakhstan6.846Russia
83%
Ethiopia1.600Somalia
83%
Lesotho909South Africa
83%
Chad1.360Sudan
83%
Italy740Switzerland
83%
Mexico3.141United States of America
83%
Democratic Republic of the Congo2.511Angola
82%
Greece494Bulgaria
82%
Mongolia4.677China
82%
Libya1.115Egypt
82%
Equatorial Guinea350Gabon
82%
Latvia453Lithuania
82%
Cameroon1.690Nigeria
82%
Gambia740Senegal
82%
Liechtenstein41,1Switzerland
82%
Laos2.130Vietnam
82%
Morocco1.559Algeria
81%
Luxembourg148Belgium
81%
Germany815Czech Republic
81%
Netherlands577Germany
81%
Malaysia1.782Indonesia
81%
Kuwait240Iraq
81%
Lebanon375Syria
81%
Nepal1.690India
80%
Hungary677Slovakia
80%
Lithuania502Belarus
79%
North Korea1.416China
79%
Mauritania2.237Mali
79%
Niger1.497Nigeria
79%
Oman676Saudi Arabia
79%
Jordan744Saudi Arabia
79%
Kosovo352Serbia
79%
Norway1.619Sweden
79%
Burundi451Tanzania
79%
Moldova939Ukraine
79%
Guinea-Bissau386Guinea
78%
Pakistan2.912India
78%
Palestine358Israel
78%
Mali2.237Mauritania
78%
Gabon1.903Republic of the Congo
78%
Ghana877Togo
78%
Myanmar2.185China
77%
Nicaragua922Honduras
77%
Namibia1.376Angola
76%
North Macedonia246Greece
76%
Papua New Guinea820Indonesia
76%
Montenegro225Bosnia and Herzegovina
75%
Israel358Palestine
75%
Portugal1.214Spain
75%
Paraguay1.880Argentina
74%
Peru1.560Brazil
74%
Panama330Costa Rica
74%
Malawi1.569Mozambique
74%
Kyrgyzstan1.099Uzbekistan
74%
San Marino39Italy
73%
Guinea858Mali
73%
Qatar60Saudi Arabia
73%
Liberia716Ivory Coast
72%
Kenya933Uganda
72%
Nigeria1.690Cameroon
70%
Ivory Coast716Liberia
70%
Romania608Bulgaria
69%
Mozambique1.569Malawi
69%
South Korea238North Korea
69%
Spain1.214Portugal
69%
Saudi Arabia1.458Yemen
69%
Russia6.846Kazakhstan
68%
South Sudan1.937Sudan
67%
Poland658Czech Republic
66%
Sweden1.619Norway
66%
South Africa1.840Botswana
65%
Somalia1.600Ethiopia
65%
Suriname600Guyana
65%
Swaziland430South Africa
65%
Sudan1.937South Sudan
65%
Senegal813Mauritania
64%
Rwanda290Burundi
63%
Slovenia670Croatia
63%
Switzerland740Italy
63%
Slovakia677Hungary
62%
Syria822Turkey
60%
Tunisia965Algeria
58%
Sierra Leone652Guinea
58%
Thailand1.800Myanmar
58%
Serbia476Romania
58%
United States of America8.893Canada
57%
United Kingdom499Ireland
57%
Ukraine1.576Russia
57%
Tanzania769Kenya
56%
Togo877Ghana
55%
United Arab Emirates457Saudi Arabia
55%
Vatican City3,2Italy
54%
Turkey822Syria
54%
Uruguay985Brazil
53%
Uganda933Kenya
51%
Tajikistan1.206Afghanistan
50%
Venezuela2.200Brazil
50%
Vietnam2.130Laos
49%
Yemen1.458Saudi Arabia
49%
Turkmenistan1.621Uzbekistan
49%
Uzbekistan2.203Kazakhstan
46%
Zambia1.930Democratic Republic of the Congo
44%
Zimbabwe1.231Mozambique
43%

Score Distribution

Percentile by Number Answered

Percent of People with Each Score

Your Score History

You have not taken this quiz